01210 2200289 4500001002100000005001500021035002000036007000300056008004100059020001800100082000800118084001400126100003000140245012700170250002000297300002500317700003700342700003600379520033900415600001800754264004200772336002100814337003000835338002300865990001600888990001600904INLIS00000000000130020260530084234 a0010-0526000756ta260530 d f ind  a9786024838188 a823 a823 MUR i0 aMurray, TamsynePengarang1 aInstructions for a second-hand heart /cTamsyn Murray ; alih bahasa, Endang Sulistyowati ; penyunting, Ani Nuraini Syahara aCetakan Pertama a323 halaman ;c20 cm0 aAni Nuraini SyaharaePenyunting0 aEndang SulistyowatiePenerjemah a"Instructions for a Second-Hand Heart" karya Tamsyn Murray adalah novel remaja yang mengeksplorasi tema duka dan cinta. Cerita ini berpusat pada Jonny, seorang remaja yang hidupnya bergantung pada mesin dan sangat membutuhkan transplantasi jantung, serta Niamh, seorang gadis yang baru saja kehilangan saudara kembarnya dalam tragedi. 4aFiksi Inggris aJakarta :bBhuana Ilmu Populer,c2019 2rdacontentaTeks 2rdamediaaTanpa perantara 2rdacarrieraVolume aPP002562/24 aPP002561/24